Código electoral Colombiano : (Registro nro. 4234)
[ vista simple ]
| 000 -LEADER | |
|---|---|
| fixed length control field | 01264nam a2200241Ia 4500 |
| 003 - CONTROL NUMBER IDENTIFIER | |
| control field | OSt |
| 005 - DATE AND TIME OF LATEST TRANSACTION | |
| control field | 20200430110624.0 |
| 008 - FIXED-LENGTH DATA ELEMENTS--GENERAL INFORMATION | |
| fixed length control field | 191128s2010 ck a gr 000 0 spa d |
| 020 ## - INTERNATIONAL STANDARD BOOK NUMBER | |
| International Standard Book Number | 9789587310252 |
| 040 ## - CATALOGING SOURCE | |
| Original cataloging agency | CO-JMCR |
| Transcribing agency | CO-JMCR |
| 041 0# - LANGUAGE CODE | |
| Language code of text/sound track or separate title | spa |
| 082 04 - DEWEY DECIMAL CLASSIFICATION NUMBER | |
| Classification number | 324.9861 / |
| Item number | I121c |
| Edition number | 23 |
| 100 1# - MAIN ENTRY--PERSONAL NAME | |
| Personal name | Ibáñez Parra, Óscar, |
| Relator term | autor |
| 9 (RLIN) | 3758 |
| 245 10 - TITLE STATEMENT | |
| Title | Código electoral Colombiano : |
| Remainder of title | comentado y concordado / |
| Statement of responsibility, etc. | Óscar Ibáñez Parra |
| 250 ## - EDITION STATEMENT | |
| Edition statement | Primera edición |
| 260 ## - PUBLICATION, DISTRIBUTION, ETC. | |
| Place of publication, distribution, etc. | Bogotá : |
| Name of publisher, distributor, etc. | Universidad Sergio Arboleda, |
| Date of publication, distribution, etc. | 2010 |
| 300 ## - PHYSICAL DESCRIPTION | |
| Extent | 548 páginas : |
| Other physical details | ilustraciones a blanco y negro ; |
| Dimensions | 24 cm. |
| 505 0# - FORMATTED CONTENTS NOTE | |
| Formatted contents note | Decreto 2241 de julio 15 de 1986 -- Leyes vigentes del régimen electoral Colombiano -- Resoluciones y decretos citados en el código -- Normas generales -- Organización electoral -- Cedulación -- Censos electorales, inscripción de cédulas |
| 520 ## - SUMMARY, ETC. | |
| Summary, etc. | Todo sistema electoral se basa en la participación popular y en el respeto por el Estado de Derecho. Cuando uno de los elementos que lo conforman se cohesionan armónica y espontáneamente, libres de violencia, manipulación o malas prácticas. |
| 650 14 - SUBJECT ADDED ENTRY--TOPICAL TERM | |
| Topical term or geographic name entry element | Elecciones |
| General subdivision | legislación |
| Geographic subdivision | Colombia |
| 9 (RLIN) | 3759 |
| 650 14 - SUBJECT ADDED ENTRY--TOPICAL TERM | |
| Topical term or geographic name entry element | Reformas constitucionales |
| Geographic subdivision | Colombia |
| 9 (RLIN) | 3760 |
| 942 ## - ADDED ENTRY ELEMENTS (KOHA) | |
| Source of classification or shelving scheme | Dewey Decimal Classification |
| Koha item type | Books |
| Withdrawn status | Lost status | Source of classification or shelving scheme | Damaged status | Not for loan | Collection code | Home library | Current library | Date acquired | Source of acquisition | Cost, normal purchase price | Total Checkouts | Full call number | Barcode | Date last seen | Date last checked out | Copy number | Koha item type |
|---|---|---|---|---|---|---|---|---|---|---|---|---|---|---|---|---|---|
| Dewey Decimal Classification | Non-fiction | Biblioteca Pública José María del Castillo y Rada | Biblioteca Pública José María del Castillo y Rada | 04/15/2018 | Donación | 0.00 | 2 | 324.9861 / I121c | 201809131 | 05/16/2024 | 11/01/2023 | Ej.1 | Books |